Deutsche Lieder nach Buchstabe - K - Statistiken

Allgemein
  • Dieses Quiz wurde 162 mal gespielt
  • Das Durchschnittsergebnis liegt bei 4 aus 18
Antwortstatistiken
Titel Interpret % Korrekt
König von Deutschland Rio Reiser
71%
Küssen verboten Die Prinzen
66%
Kids (2 Finger an den Kopf) Marteria
50%
Kein Liebeslied Kraftklub
40%
Keine Sterne in Athen Stephan Remmler
28%
Kleiner Satellit (Piep, Piep) Blümchen
26%
Kreise Johannes Oerding
22%
Kristallnaach BAP
20%
Knöcheltief Trettmann feat. Gzuz
19%
Kalkutta liegt am Ganges Vico Torriani
17%
Kling Klang Keimzeit
15%
Königlich Marie Wegener
14%
Kein Zurück Wolfsheim
12%
Kein Plan Loredana feat. Mero
10%
Kleine Annabell Ronny
9%
Kein Schlaf Nimo & Hava
8%
Keine Parolen Dendemann
5%
Keine Rosen Teesy
3%
Keine übereinstimmenden Quizze gefunden
Verteilung der Resultate
Anzahl Personen mit jedem Resultat
Perzentil nach korrekt beantworteten Fragen
Ihre Resultats-Entwicklung
Sie haben dieses Quiz noch nicht gespielt